Хромой кузнец: роман

Opis bibliograficzny
1. autor: Семенова М. В. Мария Васильевна
Streszczenie:Мария Семенова — автор знаменитого романа "Волкодав", основоположник жанра «русское фэнтези» — всегда пишет о сильных людях. В морском абордажном бою и на стенах пылающего города, в снежных горах и черной непроходимой чаще, в темнице и небесном чертоге ее герои до конца стоят за правду, идут на смерть, защищая друзей, и побеждают зло силой добра.
Język:rosyjski
Wydane: Санкт-Петербург, Азбука-классика, 2005
Seria:Правила боя
Hasła przedmiotowe:
Format: Książka
KOHA link:https://koha.lib.tpu.ru/cgi-bin/koha/opac-detail.pl?biblionumber=84640

MARC

LEADER 00000nam0a2200000 4500
001 84640
005 20231031100656.0
010 |a 5352005208 
035 |a (RuTPU)RU\TPU\book\90966 
090 |a 84640 
100 |a 20051102d2005 m y0rusy50 ca 
101 0 |a rus 
102 |a RU 
105 |a y z 000ay 
200 1 |a Хромой кузнец  |e роман  |f М. Семёнова 
210 |a Санкт-Петербург  |c Азбука-классика  |d 2005 
215 |a 445 с. 
225 1 |a Правила боя 
330 |a Мария Семенова — автор знаменитого романа "Волкодав", основоположник жанра «русское фэнтези» — всегда пишет о сильных людях. В морском абордажном бою и на стенах пылающего города, в снежных горах и черной непроходимой чаще, в темнице и небесном чертоге ее герои до конца стоят за правду, идут на смерть, защищая друзей, и побеждают зло силой добра. 
610 1 |a русская литература 
610 1 |a романы 
610 1 |a фантастика 
675 |a Р2  |v 3 
700 1 |a Семенова  |b М. В.  |c русская писательница  |f 1958  |g Мария Васильевна  |2 stltpush  |3 (RuTPU)RU\TPU\pers\42058  |4 070 
801 1 |a RU  |b 63413507  |c 20051102  |g PSBO 
801 2 |a RU  |b 63413507  |c 20190827  |g PSBO 
942 |c BK 
959 |a 84/20051019  |d 1  |e 129,36  |f ХФ:1